000 05382nas a22003137a 4500
003 NALT
005 20240705150300.0
006 a|||p|r|||| 00| 0
007 ta
008 240625b th |||p| |||| 00| 0 tha d
022 _a08579776
040 _aNALT
041 _atha
245 0 0 _aกฎหมายสุโขทัยธรรมาธิราช ปีที่ 19 ฉบับที่ 1-2 (มิ.ย.-ธ.ค. 2550)
260 _aพี.เอ.ลิฟวิ่ง จำกัด
310 _aราย 6 เดือน
500 _aวารสารเย็บเล่ม
505 2 _aปีที่ 19 ฉบับที่ 1 มิ.ย. 2550 -- การโต้แย้งคำสั่งอายัดเงินฝากของบุตรผู้ค้างชำระภาษีสามารถกระทำได้หรือไม่ และอยู่ในเขตอำนาจของศาลใดที่จะพิจารณา (ศาลภาษีอากรหรือศาลยุติธรรมหรือศาลปกครอง) -- หลักฐานแห่งการกู้ยืมเงินกว่าสองพันบาทกับข้อสังเกตที่น่าสนใจ -- ศักดิ์ศรีความเป็นมนุษย์ -- การเข้าใช้ บทเรียน E-Learning ชุดวิชากฎหมายวิธีสบัญญัติ 1 -- ประสบการณ์จากพี่สู่น้อง เรียนอย่างไรให้สำเร็จ -- คำพิพากษาศาลฎีกาที่ 6503/2545 ซื้อขายที่ดินมี น.ส.3 โดยไม่ทำเป็นหนังสือและจดทะเบียนต่อพนักงานเจ้าหน้าที่ -- คำพิพากษาศาลฎีกาที่ 1770/2548 ส.ค.1 กับสิทธิครอบครองที่ดิน -- แนะนำกฎหมายใหม่ พ.ร.บ.ขายตรง และตลาดแบบตรง พ.ศ. 2545.
_aปีที่ 19 ฉบับที่ 2 ธ.ค. 2550 -- ศาลฎีกาแผนกคดีอาญาของผู้ดำรงตำแหน่งทางการเมืองตามรัฐธรรมนูญฉบับใหม่ (พ.ศ. 2550) -- กลไกตลาด ระบบเศรษฐกิจเสรีไร้พรมแดน และอำนาจรัฐ กับการพัฒนาประเทศ (ต่อจากฉบับที่แล้ว) -- Human rights standards for the protection of intellectual property : traditional knowledge and indigenous resources (Part II) -- การห้ามโอนโฉนดที่ดินที่ได้ออกสืบเนื่องมาจากใบจอง -- ปัญหาภาระการพิสูจน์ความเสียหายคดีสิ่งแวดล้อมและการจัดตั้ง ศาลสิ่งแวดล้อม -- ข้อเสนอให้ปรับค่าลดหย่อนภาษีส่วนบุคคลให้สอดคล้องกับการเพิ่มขึ้นของระดับราคาสินค้า -- ตีเหล็กเมื่อร้อน -- ความรับผิดในค่าสินไหม ทดแทนอันเกิดแต่การไม่ชำระหนี้ : แนวคำพิพากษาฎีกาของศาลไทยที่น่าสนใจ -- วิเคราะห์วาทกรรม "นิติศาสตร์แนวพุทธ" -- ความต้องการศึกษาปริญญาโท นิติศาสตร์ มสธ. -- คำพิพากษาฎีกาที่ 5520/2549 หลักฐานแห่งการกู้ยืมเงินกับการปิดอากรแสตมป์ -- คำพิพากษาศาลฎีกาที่ 7382/2548 เจตนาสละกรรมสิทธิ์ -- แนะนำกฎหมายใหม่พระราชบัญญัติคุ้มครองผู้ถูกกระทำด้วยความรุนแรงในครอบครัว พ.ศ. 2550 -- แนะนำกฎหมายใหม่ พระราชบัญญัติกีฬามวย พ.ศ. 2542.
650 0 _aศักดิ์ศรีความเป็นมนุษย์
_912742
650 0 _aผู้ดำรงตำแหน่งทางการเมือง
_xการดำเนินคดีอาญา
_941267
650 0 _aศาลสิ่งแวดล้อม
_928346
650 0 _aค่าสินไหมทดแทน
_937301
850 _aNALT
866 _aปีที่ 19 ฉบับที่ 1 (มิ.ย. 2550)
866 _aปีที่ 19 ฉบับที่ 2 (ธ.ค. 2550)
942 _cBOUND
_2lcc
996 _aaroonthip.c
_bLIBSTF
_c2024-06-25
999 _c105431
_d105431
998 _j179
_k อรุณทิพย์ จันทร์ดิษฐ์